Uživatelé počítačů a autoři programů.

Používatelia osobných počítačov PC. Programátori, riešiaci oblasť ekonomickej agendy. Nároky na programátorov. Počítač má zabrániť omylom a chybám používateľa. Menšie a väčšie ekonomické programy a systémy. Využívanie databázového systému FoxBase alebo dBase, ich relatívne jednoduchý programovací ja...

Descripción completa

Guardado en:
Detalles Bibliográficos
Autor principal: Dolejšek, M.
Formato: Capítulo de libro
Lenguaje:checo
Materias:
Etiquetas: Agregar Etiqueta
Sin Etiquetas, Sea el primero en etiquetar este registro!

MARC

LEADER 00000naa a2200000 4500
001 r013821
005 20221213083157.1
041 0 |a cze 
044 |a CZ 
245 1 0 |a Uživatelé počítačů a autoři programů.  |c M. Dolejšek 
520 |a Používatelia osobných počítačov PC. Programátori, riešiaci oblasť ekonomickej agendy. Nároky na programátorov. Počítač má zabrániť omylom a chybám používateľa. Menšie a väčšie ekonomické programy a systémy. Využívanie databázového systému FoxBase alebo dBase, ich relatívne jednoduchý programovací jazyk. Menšie systémy, recenzia a kritériá voľby programu. 
610 2 0 |a softvér 
610 2 0 |a používatelia 
610 2 0 |a programátori 
610 2 0 |a využitie počítačov 
610 2 0 |a programy používateľské 
610 2 0 |a automatizácia administratívy 
610 2 0 |a ochrana dát 
610 2 0 |a vstupy 
610 2 0 |a výstupy 
610 2 0 |a účtovníctvo jednoduché 
610 2 0 |a účtovníctvo podvojné 
100 1 |a Dolejšek, M.